| 000 | 00364nam a2200133Ia 4500 | ||
|---|---|---|---|
| 008 | 220214s9999 xx 000 0 und d | ||
| 022 | _a0029-8549 | ||
| 245 | 0 | _aOECOLOGIA | |
| 260 |
_bInternational Association for Ecology, Berlin _aGermany |
||
| 310 | _a16y | ||
| 500 | _aEnding Volume & Year: 70, 1986 | ||
| 500 | _aStarting Volume & Year: 41, 1979 | ||
| 942 | _cBJ | ||
| 999 |
_c8091 _d8091 |
||